Gênes - Choix Multiples - Statistiques

Statistiques générales
  • Ce quiz a été pris 1 471 fois
    1 393 depuis la dernière actualisation
  • Le résultat moyen est 6 sur 10
Statistiques - réponses
Question Réponse % Correct
Quelle compagnie de croisières basée à Gênes avait un paquebot appelé Concordia ? Costa Croisières
75%
Quel système politique était en place à Gênes du XIe au XVIIIe siècle ? République maritime
75%
Quel événement la ville a-t'elle accueilli en 2001, menant à de violentes protestations anti-mondialisation ? Un sommet du G8
73%
Quel célèbre explorateur est originaire de Gênes ? Christophe Colomb
67%
Quelle particularité fait la légende du club de football du Genoa CFC ? Il est le premier club italien à avoir été fondé
65%
Qui était le génois Niccolò Paganini ? Un violoniste
65%
Dans quelle région italienne se trouve la ville ? Ligurie
62%
Quelle sauce est une spécialité de la ville de Gênes ? Pesto
60%
Laquelle de ces îles n'a jamais été colonisée par les Génois ? Tenerife
58%
Comment s'appelle la ville en italien ? Genova
46%
Aucun quiz correspondant
Distribution des résultats
% des personnes avec chaque résultat
Percentile par nombre de réponses
Votre historique - résultats
Vous n’avez pas pris ce quiz depuis la dernière actualisation